000
00342nam a2200145Ia 4500
008
210312s9999||||xx |||||||||||||| ||und||
041
_a
osm
050
_a
DR485
050
_b
N35
100
_a
Mustafa Naima Efendi
245
0
_a
Naima tarihi
260
_c
1864
500
_a
3. cilt
650
_a
Tarih--Türkiye--Osmanlı devleti--1453-1683
999
_c
22308
_d
22308